LEADER 01840nam a2200301 i 4500 001 000000065812 003 CaOOAMICUS 005 20131205000000.0 008 131205s1979 xx u000 u ger u 013 $a36984 020 $a3-506-79429-0 040 $aSeMil$bita 100 1 $aBujo, Bénézet,$d<1940- >.$0(OLS)http://semarc/name/15518 245 10$aMoralautonomie und Normenfindung bei Thomas von Aquin :$bunter Einbeziehung der neutestamentlichen Kommentare /$cBénézet Bujo. 260 $aPaderborn [etc.] :$bFerdinand Schöningh,$c1979. 300 $a382 p. ;$c24 cm. 490 0 $aVeröffentlichungen des Grabmann-Institutes zur Erforschung der mittelalterlichen Theologie und Philosophie. Neue Folge ;$v29 490 0 $aMünchener Universitätsschriften : Philosophische Fakultät Altertumskunde und Kulturwissenschaften 600 04$aTommaso : d'Aquino .$0(OLS)http://semarc/subject/115 650 4$aAutonomia morale.$0(OLS)http://semarc/subject/12828 650 4$aEtica e morale - Concezione [di] Tommaso : d'Aquino.$0(OLS)http://semarc/subject/4472 830 0$aVeröffentlichungen des Grabmann-Institutes zur Erforschung der mittelalterlichen Theologie und Philosophie. Neue Folge ;$v29.$0(OLS)http://semarc/title/192 830 0$aMünchener Universitätsschriften : Philosophische Fakultät Altertumskunde und Kulturwissenschaften.$0(OLS)http://semarc/title/11289 850 $aSeMil 852 $aSeMil$W1$xVenegono$y1$m2N I 279$j31965$B31965$CSeMilBibl$Z2$F31968 $81 996 $6020$a3-506-79429-0$9(OLS)http://semarc/number/43256 996 $6245$aMoralautonomie und Normenfindung bei Thomas von Aquin :$bunter Einbeziehung der neutestamentlichen Kommentare$9(OLS)http://semarc/title/104531 996 $6260$aPaderborn [etc.] :$bFerdinand Schöningh$9(OLS)http://semarc/publisher/29622 LEADER 01509nam a2200265 i 4500 001 000000118371 003 CaOOAMICUS 005 20030926000000.0 008 030926n fr u000 u fre u 013 $a91064 040 $aSeMil$bita 100 1 $aAsso, Philippe.$0(OLS)http://semarc/name/43874 245 14$aLes discours des Actes des apôtres :$bun modèle rhétorique /$cthèse en vue du doctorat conjoint en sciences du langage et en théologie ... par Philippe Asso ; directeurs de recherche messieurs les professeurs Michel Le Guern et Pierre Gibert. 260 $a[S.l. :$bs.n.,$c2000] 300 $a258 c. ;$c30 cm. + Allegato :$b[1] c. di tav. 500 $aContiene : Bibliographie. - In testa al front. : Université Lumière Lyon 2, Sciences du Language ; Université Catholique de Lyon, Faculté de Théologie. - In preliminari : Dedica autografa dell'Autore. - Fondo Card. C.M. Martini. 650 4$aBibbia - NT - Atti degli Apostoli - Discorsi.$0(OLS)http://semarc/subject/22074 700 1 $aGibert, Pierre .$0(OLS)http://semarc/name/18137 700 1 $aLe Guern, Michel,$d<1937-2016>.$0(OLS)http://semarc/name/49418 850 $aSeMil 852 $aSeMil$W1$xVenegono$y1$m4X IV 6$j73687$B73687$CSeMilBibl$Z2$F78508 $8L 941 1 $a4 961 $aOmaggio: Martini Card. Carlo Maria 996 $6245$aLes discours des Actes des apôtres :$bun modèle rhétorique$9(OLS)http://semarc/title/173885 996 $6260$a[S.l. :$bs.n.$9(OLS)http://semarc/publisher/31686